01698nam a2200337   4500003000900000005001700009008004100026017001400067040004600081041000800127082002800135092000700163099003700170100003500207245025300242264006500495300003000560336002200590337002400612338003300636504006300669546010200732650004800834651001000882856005700892905001300949942001900962999001700981952018100998952018101179EG-GICUC20260121101239.0251118s2008    ua	||||fr|||| 00| 0 ara d  a200514260  a EG-GICUCbarac EG-GICUCd EG-GICUCerda0 aara04221a341.851bه ش . م04221  aLaw1  12	341.851	ه ش . م	20080 aهشام خالدeمؤلف.10aمعيار دولية التحكيم التجارى :bدراسة مقارنة فى الأنظمة القانونية اللاتينية والأنجلوسكسونية والعربية , الاتفاقيات الدولية /cهشام خالد.  aالاسكندرية :bمنشأة المعارف،c2008.  a728 ؛ صفحةc24 سم.  2rda contentatext  2rda mediaaComputer  2rda carrieraOnline Resource  aيحتوي على اراجاعات ببليوجرافية
  aالنص أغلبه باللغة العربية مع بعض النصوص الإنجليزية1 aالتحكيم - قانون دولي2qrmak1 2qrmak40uhttps://fll.law.cu.edu.eg/fulltext/bks/B12-01468.pdf  a75eYara  2ddcn0cBKe21  c44202d44202  00102ddc40718القانون الدولي الخاصaCUbLAW1d2025-11-18l0oLaw1  12	341.851	ه ش . م	2008 1201468	C1pB12-01468r2025-11-18 15:07:59t1w2025-11-18yBK  00102ddc40708القانون الدولي الخاصaCUbLAW1d2025-11-18l0oLaw1  12	341.851	ه ش . م	2008 1201469	C2pB12-01469r2025-11-18 15:08:21t2w2025-11-18yBK